My pals are here: Math 5A workbook (Record no. 276897)
[ view plain ]
| 000 -LEADER | |
|---|---|
| fixed length control field | 00309nam a22001337a 4500 |
| 003 - CONTROL NUMBER IDENTIFIER | |
| control field | SISC |
| 005 - DATE AND TIME OF LATEST TRANSACTION | |
| control field | 20141205124318.0 |
| 008 - FIXED-LENGTH DATA ELEMENTS--GENERAL INFORMATION | |
| fixed length control field | 141205b xxu||||| |||| 00| 0 eng d |
| 010 ## - LIBRARY OF CONGRESS CONTROL NUMBER | |
| LC control number | MPH |
| 100 ## - MAIN ENTRY--PERSONAL NAME | |
| Personal name | Gong, Kheong |
| 245 ## - TITLE STATEMENT | |
| Title | My pals are here: Math 5A workbook |
| 250 ## - EDITION STATEMENT | |
| Edition statement | 2nd edition |
| 942 ## - ADDED ENTRY ELEMENTS (KOHA) | |
| Source of classification or shelving scheme | Library of Congress Classification |
| Koha item type | Books |
| Withdrawn status | Lost status | Source of classification or shelving scheme | Damaged status | Home library | Current library | Shelving location | Date acquired | Source of acquisition | Total Checkouts | Total Renewals | Full call number | Barcode | Date last seen | Date checked out | Price effective from | Koha item type |
|---|---|---|---|---|---|---|---|---|---|---|---|---|---|---|---|---|
| Library of Congress Classification | Luxembourg Library | Luxembourg Library | Teachers Reference Section | 12/05/2014 | Library Fund | 1 | 3 | QA 163 .K45w 2008 | 18857 | 04/13/2015 | 12/05/2014 | 12/05/2014 | Books |